| 000 | 00741nam a2200265Ia 4500 | ||
|---|---|---|---|
| 008 | 160303s9999 xx 000 0 und d | ||
| 020 | _a978-971-23-4866-2 | ||
| 050 | _aFIL HF 5387 | ||
| 050 | _b.R69 2007 c.2 | ||
| 100 | _aRoa, Floriano C. | ||
| 245 | _aBusiness ethics and social responsibility / | ||
| 245 | _c Floriano C. Roa. | ||
| 260 | _aManila: | ||
| 260 | _bRex Book Store, Inc., | ||
| 260 | _c2007 | ||
| 300 | _a242 pages : | ||
| 300 | _billustrations ; | ||
| 300 | _c22 cm. | ||
| 500 | _aIncludes index. | ||
| 650 | _aBusiness ethics -- | ||
| 650 | _aSocial responsibility of business -- | ||
| 650 | _aSocial responsibility of business. | ||
| 650 | _xPhilippines -- Case studies. | ||
| 650 | _xPhilippines. | ||
| 999 |
_c291213 _d291213 |
||